[Event "Mogliano Veneto op-C 34th"]
[Site "Mogliano Veneto"]
[Date "2013.04.25"]
[Round "2"]
[White "De Col, Daniele"]
[Black "Serradura, Gianluca"]
[Result "0-1"]
[WhiteElo "1418"]
[BlackElo "1551"]
[PlyCount "72"]
[EventDate "2013.04.25"]
[EventType "swiss"]
[EventRounds "6"]
[EventCountry "ITA"]
[SourceTitle "EXT 2024"]
[Source "ChessBase"]
[SourceDate "2023.10.10"]
[SourceVersion "1"]
[SourceVersionDate "2023.10.10"]
[SourceQuality "1"]

1. e4 d6 2. d4 Nf6 3. Nc3 e5 4. d5 Nbd7 5. Bb5 a6 6. Ba4 b5 7. Bb3 b4 8. Nce2 Nxe4 9. Nf3 Ndf6 10. 0-0 Be7 11. a3 bxa3 12. Rxa3 Nc5 13. Ba2 0-0 14. c4 Rb8 15. Qc2 Re8 16. Be3 Bb7 17. Bxc5 dxc5 18. Nxe5 Bf8 19. Re3 Qd6 20. f4 Nh5 21. Bb1 g6 22. Qc3 Bg7 23. Rff3 Nxf4 24. Nxf4 Bxe5 25. Qe1 Bd4 26. Kh1 Rxe3 27. Rxe3 Bxe3 28. Qxe3 Qf6 29. Nd3 Qf1+ 30. Qg1 Qxg1+ 31. Kxg1 Bc8 32. Bc2 Bf5 33. b3 Bxd3 34. Bxd3 Rxb3 35. Bf1 Rb2 36. h3 a5 0-1

[Event "Mogliano Veneto op-C 32nd"]
[Site "Mogliano Veneto"]
[Date "2011.04.29"]
[Round "1"]
[White "Serradura, Gianluca"]
[Black "Ferrari, Paolo"]
[Result "1-0"]
[WhiteElo "1469"]
[BlackElo "1693"]
[PlyCount "64"]
[EventDate "2011.04.29"]
[EventType "swiss"]
[EventRounds "5"]
[EventCountry "ITA"]
[SourceTitle "EXT 2024"]
[Source "ChessBase"]
[SourceDate "2023.10.10"]
[SourceVersion "1"]
[SourceVersionDate "2023.10.10"]
[SourceQuality "1"]

1. Nf3 d5 2. g3 Nf6 3. Bg2 e6 4. 0-0 Bd6 5. d3 0-0 6. e4 e5 7. Re1 d4 8. a3 Nc6 9. c3 Re8 10. Nbd2 Be6 11. h3 Qd7 12. Ng5 dxc3 13. bxc3 Rac8 14. Nxe6 Rxe6 15. Nc4 Bc5 16. Be3 Be7 17. d4 exd4 18. Bxd4 Nxd4 19. cxd4 c6 20. f4 g6 21. h4 h5 22. Ne5 Qc7 23. Bh3 Ng4 24. Nxg4 Rd6 25. e5 Rdd8 26. Nf6+ Bxf6 27. Bxc8 Qxc8 28. exf6 Qf5 29. Re5 Qxf6 30. Rb1 Rd7 31. Rb4 a5 32. Rc4 Qd6 1-0

[Event "Treviso op-B 34th"]
[Site "Treviso"]
[Date "2010.12.05"]
[Round "5.14"]
[White "De Simon, Maurizio"]
[Black "Serradura, Gianluca"]
[Result "0-1"]
[WhiteElo "1466"]
[BlackElo "1406"]
[PlyCount "88"]
[EventDate "2010.12.03"]
[EventType "swiss"]
[EventRounds "5"]
[EventCountry "ITA"]
[SourceTitle "EXT 2024"]
[Source "ChessBase"]
[SourceDate "2023.10.10"]
[SourceVersion "1"]
[SourceVersionDate "2023.10.10"]
[SourceQuality "1"]

1. Nf3 d6 2. d4 Nd7 3. g3 Ngf6 4. Nc3 c6 5. Bg2 Qc7 6. e4 e5 7. 0-0 Be7 8. b3 0-0 9. a4 a5 10. Bb2 Re8 11. Re1 Bf8 12. d5 Nb6 13. dxc6 bxc6 14. Rb1 Rb8 15. Ba3 Be6 16. Ng5 Bd7 17. Bh3 Bxh3 18. Nxh3 Nbd7 19. Qd3 Rbd8 20. Rbd1 Nc5 21. Bxc5 dxc5 22. Qf3 h6 23. Qf5 Qc8 24. Qxc8 Rxc8 25. f4 c4 26. bxc4 Bb4 27. Re3 Bxc3 28. Rxc3 exf4 29. Nxf4 Rxe4 30. Kg2 Rce8 31. Rd2 g5 32. Nd3 Rd4 33. Rb3 Rxc4 34. Nb2 Rc5 35. Rf3 Nd5 36. Kh3 Re3 37. Rxe3 Nxe3 38. Rd6 Kg7 39. Nd3 Rxc2 40. Ne5 Re2 41. Nxc6 g4+ 42. Kh4 Nf5+ 43. Kh5 Nxd6 44. Nxa5 Re5+ 0-1

[Event "Treviso op-B 34th"]
[Site "Treviso"]
[Date "2010.12.04"]
[Round "3.16"]
[White "Serradura, Gianluca"]
[Black "Bressan, Andrea"]
[Result "0-1"]
[WhiteElo "1406"]
[BlackElo "1491"]
[PlyCount "150"]
[EventDate "2010.12.03"]
[EventType "swiss"]
[EventRounds "5"]
[EventCountry "ITA"]
[SourceTitle "EXT 2024"]
[Source "ChessBase"]
[SourceDate "2023.10.10"]
[SourceVersion "1"]
[SourceVersionDate "2023.10.10"]
[SourceQuality "1"]

1. e4 d6 2. Nf3 Nf6 3. d3 g6 4. g3 Bg7 5. Bg2 0-0 6. 0-0 c6 7. h3 Qb6 8. c3 Nbd7 9. Kh1 Nc5 10. Ne1 Ncd7 11. f4 e6 12. g4 h5 13. gxh5 Nxh5 14. Kh2 Qd8 15. Na3 Nb6 16. Bf3 Qh4 17. Bxh5 Qxh5 18. Qxh5 gxh5 19. Rg1 f5 20. Nf3 Kh7 21. Bd2 Bd7 22. e5 d5 23. Rg5 Kh6 24. Rag1 Rg8 25. Rg6+ Kh7 26. Ne1 Bh6 27. Rxg8 Rxg8 28. Rxg8 Kxg8 29. Nf3 Bf8 30. h4 Bxa3 31. bxa3 c5 32. Ne1 Na4 33. Nc2 Nb2 34. d4 b6 35. Ne1 Bb5 36. Be3 cxd4 37. cxd4 Bc4 38. Nc2 a5 39. Ne1 Bxa2 40. Bc1 Nc4 41. Nd3 Bb3 42. Kg2 Kf7 43. Kf3 Ke7 44. Ke2 b5 45. Nc5 Ba2 46. Kd3 Nb6 47. Nb7 a4 48. Nd6 Bc4+ 49. Nxc4 Nxc4 50. Kc3 Kd7 51. Kb4 Kc6 52. Kc3 Nb6 53. Kb4 Nd7 54. Ka5 Nf8 55. Be3 Ng6 56. Bf2 Nxf4 57. Be3 Ng2 58. Bg5 f4 59. Bxf4 Nxf4 60. Kb4 Ng2 61. Kc3 Nxh4 62. Kd3 Ng6 63. Ke3 h4 64. Kf3 b4 65. axb4 a3 66. b5+ Kxb5 67. Kg4 a2 68. Kh3 a1Q 69. Kg4 Qxd4+ 70. Kg5 Qxe5+ 71. Kxg6 h3 72. Kf7 Kc5 73. Ke7 h2 74. Kf7 h1Q 75. Ke7 Qh7+ 0-1

[Event "Mogliano Veneto op-C 31st"]
[Site "Mogliano Veneto"]
[Date "2010.05.01"]
[Round "2"]
[White "Serradura, Gianluca"]
[Black "Gigovski, Gjore"]
[Result "0-1"]
[WhiteElo "1358"]
[BlackElo "1446"]
[PlyCount "86"]
[EventDate "2010.04.30"]
[EventType "swiss"]
[EventRounds "5"]
[EventCountry "ITA"]
[SourceTitle "EXT 2023"]
[Source "ChessBase"]
[SourceDate "2022.10.05"]
[SourceVersion "1"]
[SourceVersionDate "2022.10.05"]
[SourceQuality "1"]

1. Nf3 b6 2. g3 Nc6 3. e4 e6 4. Bg2 Bb7 5. d3 Rb8 6. 0-0 Nf6 7. Nbd2 Be7 8. c3 0-0 9. e5 Ne8 10. d4 d6 11. Re1 a5 12. a4 Na7 13. h4 c5 14. Nf1 Nc6 15. Bg5 h6 16. Bxe7 Nxe7 17. N1h2 Ng6 18. h5 Ne7 19. Bh3 Bd5 20. Qc2 Rc8 21. Qd2 dxe5 22. Nxe5 cxd4 23. Qxd4 Nf6 24. g4 Nc6 25. Qe3 Nxe5 26. Qxe5 Rc4 27. f3 Rc5 28. Qe3 Qc7 29. Qe5 Qxe5 30. Rxe5 Bb3 31. Rxc5 bxc5 32. Ra3 c4 33. Nf1 Rd8 34. Ng3 Rd2 35. Ra1 Rxb2 36. Bf1 Nd5 37. Ne4 f5 38. gxf5 exf5 39. Nd6 Ne3 40. Re1 f4 41. Ne4 Bxa4 42. Re2 Rb1 43. Nd2 Rc1 0-1

[Event "Noale Szabados Memorial-B 3rd"]
[Site "Noale"]
[Date "2010.02.07"]
[Round "5"]
[White "Castaldini, Marzia"]
[Black "Serradura, Gianluca"]
[Result "1-0"]
[WhiteElo "1440"]
[BlackElo "1400"]
[PlyCount "83"]
[EventDate "2010.02.05"]
[EventType "swiss"]
[EventRounds "5"]
[EventCountry "ITA"]
[SourceTitle "EXT 2022"]
[Source "ChessBase"]
[SourceDate "2021.10.06"]
[SourceVersion "1"]
[SourceVersionDate "2021.10.06"]
[SourceQuality "1"]

1. e4 d6 2. d4 e5 3. Nf3 Nf6 4. Nc3 Nbd7 5. Bc4 Be7 6. Bg5 0-0 7. Qd2 c6 8. a3 b5 9. Ba2 a5 10. b4 axb4 11. axb4 Kh8 12. 0-0 Re8 13. d5 cxd5 14. exd5 Rf8 15. Rfe1 Qc7 16. Nxb5 Qb6 17. c4 Ba6 18. Na3 Qd8 19. Nc2 Nxd5 20. Bxe7 Nxe7 21. Qxd6 Nc8 22. Qc6 Ncb6 23. b5 Rc8 24. Qe4 f5 25. Qe2 Bb7 26. Nxe5 Re8 27. Nf7+ Kg8 28. Nxd8 Rxe2 29. Rxe2 Rxd8 30. c5+ Kf8 31. cxb6 Nxb6 32. Ne3 Re8 33. Rae1 Be4 34. Nc4 Na4 35. Re3 Re7 36. Nd6 Re5 37. Nxe4 fxe4 38. f3 Rxb5 39. Rb1 Rxb1+ 40. Bxb1 exf3 41. Rxf3+ Kg8 42. Ba2+ 1-0